[Event "Saint Chély d'Aubrac Op"]
[Site "Saint Chély d'Aubrac"]
[Date "2004.07.24"]
[Round "9.31"]
[White "Rivier, Sylvain"]
[Black "De Biasi, Robert"]
[Result "0-1"]
[WhiteElo "1460"]
[BlackElo "1690"]
[PlyCount "98"]
[EventDate "2004.07.??"]

1. e4 c5 2. Nf3 Nc6 3. d4 cxd4 4. Nxd4 Nf6 5. Nc3 a6 6. a3 d6 7. Bc4 e6 8. O-O
Be7 9. Bg5 O-O 10. Re1 Nxd4 11. Qxd4 b5 12. Be2 Nd7 13. Bxe7 Qxe7 14. Bf3 Ne5
15. Be2 Bb7 16. Rad1 Rfd8 17. Nb1 Rac8 18. c3 Ng6 19. Nd2 e5 20. Qe3 Rc7 21.
Qg3 Bc8 22. Bg4 Rf8 23. Nf1 f5 24. exf5 Bxf5 25. Bxf5 Rxf5 26. Qd3 Rf6 27. Ne3
Qf7 28. Re2 Nf4 29. Qd2 Nxe2+ 30. Qxe2 Rg6 31. Qd3 Rc8 32. Nf5 Rf8 33. Ne3 Kh8
34. Rd2 h5 35. Qe4 Rf6 36. Qh4 Rg8 37. Ng4 g5 38. Nxf6 gxh4 39. Nxg8 Qxg8 40.
Rxd6 Qg5 41. Kf1 Qc1+ 42. Ke2 Qxb2+ 43. Kd3 Qb1+ 44. Ke3 Qe1+ 45. Kf3 Qxc3+ 46.
Ke4 Qxa3 47. Rh6+ Kg7 48. Rxh5 Qb4+ 49. Ke3 Qd4+ 0-1

[Event "Saint Chély d'Aubrac Op"]
[Site "Saint Chély d'Aubrac"]
[Date "2004.07.24"]
[Round "9.26"]
[White "Guidez, Thomas"]
[Black "Croux, Laurent"]
[Result "1-0"]
[WhiteElo "1892"]
[BlackElo "1770"]
[PlyCount "51"]
[EventDate "2004.07.??"]

1. d4 d5 2. Nf3 Nf6 3. Bg5 e6 4. e3 Be7 5. Bd3 O-O 6. Nbd2 Nbd7 7. O-O c5 8. c3
c4 9. Bc2 e5 10. dxe5 Ng4 11. Bf4 f6 12. exf6 Bxf6 13. Nd4 Nc5 14. N2f3 Ne6 15.
Bg3 Nxd4 16. exd4 Be6 17. Re1 Qb6 18. Qb1 g6 19. h3 Nh6 20. Bxg6 Kg7 21. Bxh7
Bf7 22. Ne5 Bh5 23. Nd7 Bxd4 24. Nxb6 Bxb6 25. Re7+ Kf6 26. Bh4# 1-0

[Event "Saint Chély d'Aubrac Op"]
[Site "Saint Chély d'Aubrac"]
[Date "2004.07.24"]
[Round "9.12"]
[White "Voiska, Margarita"]
[Black "De Lagontrie, Jean"]
[Result "1-0"]
[WhiteElo "2387"]
[BlackElo "1968"]
[PlyCount "79"]
[EventDate "2004.07.??"]

1. c4 e6 2. e4 d5 3. Nc3 d4 4. Nce2 c5 5. f4 Nc6 6. d3 f6 7. Nf3 e5 8. Ng3 Bd6
9. fxe5 Nxe5 10. Nf5 Bxf5 11. exf5 Qd7 12. Nxe5 Bxe5 13. Qh5+ Qf7 14. Be2 Ne7
15. O-O Qxh5 16. Bxh5+ g6 17. Bg4 Nxf5 18. Bxf5 gxf5 19. Rxf5 O-O 20. Bh6 Rfe8
21. Raf1 Re6 22. g4 Rc8 23. Kg2 Rcc6 24. Rg5+ Kf7 25. Rg7+ Ke8 26. Rxh7 Rb6 27.
Bc1 Bd6 28. Kf3 Re7 29. Rxe7+ Kxe7 30. h4 Kf7 31. Ke4 Kg7 32. h5 Bf8 33. Kf5
Rc6 34. Re1 Kf7 35. h6 a6 36. Rh1 Rc8 37. g5 fxg5 38. Bxg5 Re8 39. Bf4 b5 40.
b3 1-0

[Event "Saint Chély d'Aubrac Op"]
[Site "Saint Chély d'Aubrac"]
[Date "2004.07.24"]
[Round "9.3"]
[White "Popchev, Milko"]
[Black "Riff, Jean-Noel"]
[Result "1/2-1/2"]
[WhiteElo "2449"]
[BlackElo "2401"]
[PlyCount "55"]
[EventDate "2004.07.??"]

1. d4 Nf6 2. Nf3 e6 3. e3 b6 4. Bd3 Bb7 5. O-O Be7 6. b3 O-O 7. Bb2 d6 8. Nbd2
Nbd7 9. e4 Re8 10. Re1 Nf8 11. e5 Nd5 12. Be4 Qc8 13. c4 Nf4 14. Qc2 d5 15.
cxd5 Bxd5 16. Rac1 Qa6 17. Nc4 Bxe4 18. Qxe4 Nd5 19. a3 Red8 20. Nfd2 b5 21.
Ne3 Qb6 22. Ndf1 c5 23. Nxd5 exd5 24. dxc5 Bxc5 25. Qf3 Ne6 26. b4 Bd4 27. Bxd4
Nxd4 28. Qd3 {(=)} 1/2-1/2

[Event "Saint Chély d'Aubrac Op"]
[Site "Saint Chély d'Aubrac"]
[Date "2004.07.24"]
[Round "9.5"]
[White "Todorov, Ognjan"]
[Black "Pucher, Olivier"]
[Result "1-0"]
[WhiteElo "2349"]
[BlackElo "2294"]
[PlyCount "53"]
[EventDate "2004.07.??"]

1. d4 f5 2. g3 Nf6 3. Bg2 e6 4. c4 Be7 5. Nf3 O-O 6. O-O d6 7. b3 Ne4 8. Bb2
Bf6 9. Nc3 Nc6 10. Rc1 Nxc3 11. Bxc3 e5 12. d5 Ne7 13. Nd2 Qe8 14. b4 Qh5 15.
e3 Qh6 16. f4 g5 17. fxe5 dxe5 18. c5 g4 19. Nc4 Bg5 20. d6 Nc6 21. d7 Bxd7 22.
Qxd7 Rad8 23. Bd5+ Kh8 24. Nxe5 Nxe5 25. Bxe5+ Bf6 26. Bxf6+ Qxf6 27. Qe6 1-0

[Event "Saint Chély d'Aubrac Op"]
[Site "Saint Chély d'Aubrac"]
[Date "2004.07.24"]
[Round "9.23"]
[White "Lengert, Martin"]
[Black "Larand, Manuel"]
[Result "0-1"]
[WhiteElo "1810"]
[BlackElo "2060"]
[PlyCount "70"]
[EventDate "2004.07.??"]

1. d4 Nf6 2. c4 c5 3. e3 g6 4. Nf3 Bg7 5. Nc3 O-O 6. Be2 cxd4 7. exd4 d5 8. h3
Nc6 9. O-O a6 10. Re1 dxc4 11. Bxc4 b5 12. Bb3 Bb7 13. Bg5 Rc8 14. a3 Na5 15.
Ba2 Nc4 16. Rb1 Nxb2 17. Rxb2 Rxc3 18. Rb3 Rc7 19. Rbe3 Bd5 20. Qe2 Bxf3 21.
Qxf3 Qxd4 22. Bb3 Qc5 23. Qe2 Qxg5 24. Rxe7 Rc3 25. Qa2 Nh5 26. Bxf7+ Kh8 27.
Bb3 Nf4 28. f3 Rxb3 29. Re8 Qc5+ 30. Kh1 Qc3 31. Rxf8+ Bxf8 32. Qf2 Rb2 33. Qh4
g5 34. Qxg5 Qxe1+ 35. Kh2 Rxg2+ 0-1

[Event "Saint Chély d'Aubrac Op"]
[Site "Saint Chély d'Aubrac"]
[Date "2004.07.24"]
[Round "9.28"]
[White "Sidibe, Malika"]
[Black "Dury, Renaud"]
[Result "0-1"]
[WhiteElo "1820"]
[BlackElo "1690"]
[PlyCount "76"]
[EventDate "2004.07.??"]

1. e4 c6 2. d4 d5 3. exd5 cxd5 4. Nf3 Bg4 5. Be2 Nf6 6. c3 Nc6 7. Bf4 e6 8. O-O
Bd6 9. Bg5 Be7 10. h3 Bf5 11. Nbd2 h6 12. Be3 O-O 13. Re1 Ne4 14. Rc1 Rc8 15.
Nb3 Na5 16. Nxa5 Qxa5 17. a3 b5 18. Bd3 Nd6 19. Ne5 Bxd3 20. Qxd3 Nc4 21. Nxc4
bxc4 22. Qe2 Rb8 23. Ra1 Rb3 24. Bf4 Rc8 25. Reb1 Qd8 26. Qg4 Kh7 27. Ra2 a5
28. Re1 Bd6 29. Bc1 Rcb8 30. Qh5 Qf6 31. g3 R8b7 32. Re3 Qg6 33. Qf3 Qb1 34.
Qd1 Qxa2 35. Qc2+ Kg8 36. Qd2 Qb1 37. Rf3 Rxb2 38. Qe3 Rc2 0-1

[Event "Saint Chély d'Aubrac Op"]
[Site "Saint Chély d'Aubrac"]
[Date "2004.07.24"]
[Round "9.9"]
[White "Collas, Silvia"]
[Black "Labarthe, Arnaud"]
[Result "1-0"]
[WhiteElo "2344"]
[BlackElo "2028"]
[PlyCount "71"]
[EventDate "2004.07.??"]

1. Nf3 Nc6 2. d4 d5 3. c4 Bg4 4. Nc3 e6 5. cxd5 exd5 6. Bg5 f6 7. Bf4 Bb4 8. e3
Nge7 9. Be2 O-O 10. Qb3 a5 11. O-O Kh8 12. Nb5 a4 13. Qd1 Bd6 14. Nxd6 cxd6 15.
h3 Bh5 16. b3 Ng6 17. Bh2 f5 18. bxa4 f4 19. Rb1 Ra7 20. Rb5 Nce7 21. Ng5 Bxe2
22. Qxe2 f3 23. Nxf3 Rxa4 24. Rxb7 Nf5 25. Rfb1 Rc4 26. Ne1 Qg5 27. Rb8 Rcc8
28. R8b5 Qh4 29. Nf3 Qe7 30. Rxd5 Qe4 31. Rdb5 Rc2 32. Qd1 h6 33. R5b2 Nxe3 34.
fxe3 Qxe3+ 35. Kh1 Rfc8 36. Rxc2 1-0

[Event "Saint Chély d'Aubrac Op"]
[Site "Saint Chély d'Aubrac"]
[Date "2004.07.24"]
[Round "9.7"]
[White "Crut, Aurelien"]
[Black "Mullon, Jean-Baptiste"]
[Result "1-0"]
[WhiteElo "2355"]
[BlackElo "2327"]
[PlyCount "73"]
[EventDate "2004.07.??"]

1. e4 e6 2. d4 d5 3. e5 c5 4. c3 Qb6 5. Nf3 Nc6 6. a3 Nh6 7. b4 cxd4 8. cxd4
Nf5 9. Bb2 Be7 10. h4 h5 11. Bd3 a5 12. Qa4 O-O 13. b5 f6 14. Bxf5 exf5 15. O-O
fxe5 16. dxe5 f4 17. Nc3 Be6 18. bxc6 Qxb2 19. Nb5 Bg4 20. Rab1 Qa2 21. cxb7
Rab8 22. Nbd4 Bxf3 23. Nxf3 Bc5 24. Rbc1 Qxa3 25. Qc6 Ba7 26. Qxd5+ Kh8 27. e6
Bxf2+ 28. Kh1 Be3 29. Qxh5+ Kg8 30. Ng5 Qd3 31. Rcd1 Qf5 32. Rd5 Qc2 33. e7 f3
34. exf8=Q+ Rxf8 35. Nxf3 Qe2 36. Rdd1 Qb5 37. Qxb5 1-0

[Event "Saint Chély d'Aubrac Op"]
[Site "Saint Chély d'Aubrac"]
[Date "2004.07.24"]
[Round "9.8"]
[White "Milanovic, Dino"]
[Black "Meijers, Viesturs"]
[Result "0-1"]
[WhiteElo "2149"]
[BlackElo "2477"]
[PlyCount "90"]
[EventDate "2004.07.??"]

1. e4 c5 2. Nf3 e6 3. d4 cxd4 4. Nxd4 a6 5. Nc3 d6 6. Bc4 Nf6 7. Bb3 Nbd7 8. f4
b5 9. f5 Nc5 10. O-O e5 11. Nde2 Bb7 12. Bd5 Ncxe4 13. Be3 Qc7 14. Bxe4 Nxe4
15. Nxe4 Bxe4 16. Nc3 Bb7 17. f6 Qc6 18. Qg4 h5 19. Qg3 h4 20. Qg4 gxf6 21.
Rad1 Bc8 22. Qe4 Qxe4 23. Nxe4 Be7 24. Nxd6+ Kf8 25. Nxc8 Rxc8 26. c3 Rc7 27.
Rd5 h3 28. g3 Kg7 29. a3 Rd8 30. Rxd8 Bxd8 31. Rd1 Be7 32. Rd5 Kg6 33. Kf2 Kf5
34. Kf3 Ke6 35. Rd1 f5 36. Ke2 Rc8 37. Ra1 Bd6 38. a4 b4 39. Bd2 b3 40. a5 Rg8
41. Be1 f4 42. Bf2 e4 43. Rh1 f5 44. c4 f3+ 45. Kd1 Rc8 0-1

[Event "Saint Chély d'Aubrac Op"]
[Site "Saint Chély d'Aubrac"]
[Date "2004.07.24"]
[Round "9.16"]
[White "Coste, Thierry"]
[Black "Baeumlin, Francois"]
[Result "1-0"]
[WhiteElo "2149"]
[BlackElo "2010"]
[PlyCount "78"]
[EventDate "2004.07.??"]

1. d4 Nf6 2. Nf3 e6 3. e3 b6 4. Bd3 Bb7 5. Nbd2 d5 6. O-O Nbd7 7. b3 Be7 8. Bb2
O-O 9. Ne5 Nxe5 10. dxe5 Ne4 11. f4 Bc5 12. Bd4 Bb4 13. Nf3 Rc8 14. Qe2 h6 15.
Rad1 Qe7 16. c4 c5 17. Bb2 Nc3 18. Bxc3 Bxc3 19. Qc2 Ba5 20. g3 Rfd8 21. Nh4
Rc7 22. cxd5 Bxd5 23. e4 Bc6 24. Qe2 Rcd7 25. f5 Bc3 26. Nf3 exf5 27. exf5 Bxf3
28. Qxf3 Qxe5 29. f6 Qxf6 30. Qh5 Bd4+ 31. Kg2 Qc6+ 32. Kh3 Qd5 33. Qg4 Re7 34.
Rf5 Qd7 35. Bc4 g6 36. Qxg6+ Kf8 37. Qxh6+ Ke8 38. g4 (38. Bxf7+ $1) 38... Re3+
39. Kh4 Qe7+ 1-0

[Event "Saint Chély d'Aubrac Op"]
[Site "Saint Chély d'Aubrac"]
[Date "2004.07.24"]
[Round "9.13"]
[White "Tanguy, Fabien"]
[Black "Hassler, Franck"]
[Result "0-1"]
[WhiteElo "2094"]
[BlackElo "2198"]
[PlyCount "94"]
[EventDate "2004.07.??"]

1. g3 d5 2. Bg2 Nf6 3. Nf3 c6 4. O-O Bf5 5. d3 Nbd7 6. c4 e6 7. Nc3 Bc5 8. Bg5
h6 9. e4 Bg4 10. Bxf6 Nxf6 11. exd5 exd5 12. cxd5 Nxd5 13. Nxd5 Qxd5 14. Qe1+
Be6 15. d4 Bb6 16. Ne5 Qxd4 17. Rd1 Qxb2 18. Nc4 Qxa2 19. Nd6+ Kf8 20. Qb4 c5
21. Qe4 Kg8 22. Nxb7 Rf8 23. Nd6 c4 24. Nf5 Re8 25. Qc6 Kh7 26. Nd6 Re7 27.
Qe4+ g6 28. Qh4 Rd7 29. Qf6 Rhd8 30. Ra1 Qe2 31. Bf3 Qd3 32. Rad1 Qa3 33. Nb5
Qa5 34. Rxd7 Rxd7 35. Bc6 Rd2 36. Be8 Bd8 37. Qf4 Bg5 38. Qb8 c3 39. Qb7 c2 40.
Bxf7 Rd7 41. Bxg6+ Kxg6 42. Qe4+ Bf5 43. Qe8+ Kh7 44. Nd6 Qd8 45. Qe5 Qf6 46.
Qxf6 Bxf6 47. Nxf5 Rd1 0-1

[Event "Saint Chély d'Aubrac Op"]
[Site "Saint Chély d'Aubrac"]
[Date "2004.07.24"]
[Round "9.21"]
[White "Tholey, Jean-Paul"]
[Black "Rabier, Jean"]
[Result "1-0"]
[WhiteElo "2057"]
[BlackElo "1870"]
[PlyCount "85"]
[EventDate "2004.07.??"]

1. d4 f5 2. e4 fxe4 3. Nc3 Nf6 4. Bg5 e6 5. Bxf6 Qxf6 6. Nxe4 Qh6 7. Bd3 Nc6 8.
c3 b6 9. Nf3 Be7 10. Qe2 a5 11. O-O Bb7 12. Rad1 O-O 13. Ne5 Nxe5 14. dxe5 d6
15. exd6 cxd6 16. Ng3 Rae8 17. Qh5 Qxh5 18. Nxh5 g6 19. Ng3 d5 20. Bb5 Rd8 21.
Rfe1 Bc5 22. Re2 Rf6 23. Ne4 Rdf8 24. Nxf6+ Rxf6 25. a3 e5 26. b4 Bd6 27. Ba4
axb4 28. axb4 e4 29. Bb3 Rf5 30. Rxe4 Kg7 31. Red4 Be5 32. R4d3 Ba6 33. Rxd5
Kf6 34. c4 Rg5 35. f3 Bb7 36. R5d3 h5 37. Ba4 h4 38. h3 Bf4 39. Bd7 Re5 40.
Rd6+ Kg7 41. Bg4 Kh6 42. Re6 Rxe6 43. Bxe6 1-0

[Event "Saint Chély d'Aubrac Op"]
[Site "Saint Chély d'Aubrac"]
[Date "2004.07.24"]
[Round "9.19"]
[White "Joli, Laurent"]
[Black "Duffau, Pascal"]
[Result "0-1"]
[WhiteElo "1780"]
[BlackElo "2081"]
[PlyCount "108"]
[EventDate "2004.07.??"]

1. d4 Nf6 2. c4 e6 3. Nc3 d5 4. Nf3 Be7 5. e3 O-O 6. cxd5 exd5 7. Be2 Re8 8. a3
a5 9. Qc2 c6 10. h3 Bd6 11. O-O Nbd7 12. Bd3 Nf8 13. e4 dxe4 14. Nxe4 Nxe4 15.
Bxe4 h6 16. d5 Qe7 17. Nd2 cxd5 18. Bd3 Bd7 19. Nf3 Bc6 20. Be3 Ne6 21. Rfe1
Qf6 22. Qd2 a4 23. Nd4 Nxd4 24. Bxd4 Qf4 25. Qxf4 Bxf4 26. g3 Bd6 27. Rxe8+
Rxe8 28. Kf1 Be5 29. Bxe5 Rxe5 30. Rc1 Kf8 31. Rc3 Ke7 32. f4 Re6 33. Kf2 Kd6
34. Bf5 Re8 35. Re3 Rxe3 36. Kxe3 Kc5 37. Bc2 Kc4 38. g4 f6 39. h4 g5 40. hxg5
hxg5 41. fxg5 fxg5 42. Bd1 d4+ 43. Kd2 d3 44. Kc1 b5 45. Kd2 Kd4 46. b3 axb3
47. Bxb3 Bd7 48. Bd1 Kc4 49. Ke1 Kc3 50. Kf1 d2 51. Kg2 Bc6+ 52. Kg3 Bd5 53. a4
bxa4 54. Bxa4 Bc4 0-1

[Event "Saint Chély d'Aubrac Op"]
[Site "Saint Chély d'Aubrac"]
[Date "2004.07.24"]
[Round "9.17"]
[White "Rabineau, Clement"]
[Black "Giraud, Sylvain"]
[Result "1-0"]
[WhiteElo "2135"]
[BlackElo "1850"]
[PlyCount "97"]
[EventDate "2004.07.??"]

1. e4 Nf6 2. Nc3 e5 3. f4 d6 4. Bc4 Be7 5. d3 O-O 6. Nf3 Nc6 7. Be3 Ng4 8. Bd2
Na5 9. f5 c6 10. Ng5 Nxc4 11. dxc4 Nf6 12. Qf3 h6 13. h4 h5 14. O-O-O a6 15.
Rdg1 Ng4 16. Nd1 d5 17. cxd5 cxd5 18. exd5 Qd7 19. Rf1 Bc5 20. Be3 Bxe3+ 21.
Nxe3 e4 22. Nxe4 Nxe3 23. Qxe3 Qxd5 24. Nc3 Qc6 25. f6 gxf6 26. Ne4 f5 27. Qg5+
Qg6 28. Nf6+ Kh8 29. Nxh5 Rg8 30. Nf4 Qxg5 31. hxg5+ Kg7 32. Rd1 b5 33. Rh6 Bb7
34. Rd7 Rgb8 35. Nh5+ Kg8 36. Nf6+ Kg7 37. Nh5+ Kg8 38. Nf6+ Kg7 39. Rh7+ Kg6
40. Rdxf7 Kxg5 41. Rhg7+ Kf4 {(=)} 42. Rxb7 Rh8 43. b3 Rh6 44. Nd5+ Ke5 45. Nb4
Rc8 46. Nd3+ Kd4 47. Kb2 Rcc6 48. Rgf7 Rh2 49. Rbd7+ 1-0

[Event "Saint Chély d'Aubrac Op"]
[Site "Saint Chély d'Aubrac"]
[Date "2004.07.24"]
[Round "9.15"]
[White "Capron, Daniel"]
[Black "Hennemann, Xavier"]
[Result "0-1"]
[WhiteElo "2105"]
[BlackElo "2104"]
[PlyCount "114"]
[EventDate "2004.07.??"]

1. e4 e6 2. Nf3 d5 3. e5 c5 4. b4 cxb4 5. d4 Nc6 6. a3 Bd7 7. axb4 Bxb4+ 8. c3
Be7 9. Bd3 f5 10. h4 Qb6 11. Na3 Nh6 12. Nb5 Nf7 13. Rb1 Qd8 14. Ng5 a6 15. Na3
Qa5 16. Nc2 Qxc3+ 17. Kf1 b5 18. Rh3 Nxg5 19. Bd2 Qxd2 20. Qxd2 Nxh3 21. gxh3
O-O 22. Qf4 {(=)} 22... Rfb8 23. Ke2 b4 24. Rg1 b3 25. Ne3 a5 26. Bxf5 exf5 27.
Nxd5 Rf8 28. Nxe7+ Nxe7 29. Qg3 Rf7 30. Qxb3 Nc6 31. Qd5 Rd8 32. e6 Nxd4+ 33.
Qxd4 Bb5+ 34. Ke3 f4+ 35. Ke4 Rxd4+ 36. Kxd4 Re7 37. Rb1 Bc6 38. Ke5 Be8 39.
Rb6 a4 40. Kxf4 g6 41. Ke5 Bf7 42. Rb8+ Kg7 43. Ra8 Rxe6+ 44. Kf4 Rf6+ 45. Kg3
Bb3 46. Ra5 h5 47. Ra7+ Kh6 48. Ra5 Rc6 49. Kf3 Rc3+ 50. Kg2 Bc2 51. Kh2 a3 52.
Ra7 Bb1 53. Ra5 a2 54. Ra7 Rc2 55. Kg3 Rb2 56. f4 Be4 57. f5 Bxf5 0-1

[Event "Saint Chély d'Aubrac Op"]
[Site "Saint Chély d'Aubrac"]
[Date "2004.07.24"]
[Round "9.10"]
[White "Lagunes, Jean-Renaud"]
[Black "Olivier, Pierre"]
[Result "1-0"]
[WhiteElo "2117"]
[BlackElo "2224"]
[PlyCount "93"]
[EventDate "2004.07.??"]

1. e4 c5 2. Nc3 g6 3. d4 cxd4 4. Qxd4 Nf6 5. e5 Nc6 6. Qf4 Nh5 7. Qe4 d6 8. Bb5
dxe5 9. Nf3 Nf6 10. Qxe5 Bg7 11. O-O O-O 12. Qc5 Bg4 13. Bxc6 bxc6 14. Qxc6 Rc8
15. Qa6 Bxf3 16. gxf3 Qd7 17. Re1 Qh3 18. Qxa7 Qxf3 19. Qe3 Qf5 20. Qd3 Qh5 21.
a4 Rfd8 22. Qg3 Qf5 23. a5 Qxc2 24. a6 Nh5 25. Qf3 Bxc3 26. bxc3 e6 27. a7 Ra8
28. Bh6 Rdc8 29. Rec1 Qf5 30. Qxf5 gxf5 31. Rcb1 Nf6 32. Rb7 Ng4 33. Be3 Ne5
34. Rd1 h5 35. Bb6 Kh7 36. f4 Nc4 37. Rdd7 Nxb6 38. Rxb6 Kg6 39. Rbb7 Rf8 40.
Rdc7 h4 41. Kf2 e5 42. fxe5 Kg5 43. Rxf7 Rfc8 44. e6 Re8 45. c4 Kf4 46. e7 h3
47. Rb8 1-0

[Event "Saint Chély d'Aubrac Op"]
[Site "Saint Chély d'Aubrac"]
[Date "2004.07.24"]
[Round "9.6"]
[White "Uhoda, Philippe"]
[Black "Birens, Eric-Andre"]
[Result "1-0"]
[WhiteElo "2140"]
[BlackElo "2116"]
[PlyCount "166"]
[EventDate "2004.07.??"]

1. d4 Nf6 2. c4 c5 3. d5 g6 4. Nc3 Bg7 5. e4 d6 6. Bd3 O-O 7. Nge2 e6 8. O-O
exd5 9. cxd5 a6 10. a4 Nbd7 11. h3 Rb8 12. Be3 Ne5 13. f4 Nxd3 14. Qxd3 Re8 15.
e5 Bf5 16. Qc4 b5 17. axb5 axb5 18. Nxb5 Nxd5 19. Nxd6 Nxe3 20. Qxf7+ Kh8 21.
Ra7 Rg8 22. Rf3 Qh4 23. Rxe3 Rbf8 24. Qc4 h6 25. Qxc5 Qe1+ 26. Kh2 Qf2 27. Qd4
Be6 28. Re4 Qf1 29. Qg1 Qxg1+ 30. Kxg1 Rb8 31. Nf7+ Kh7 32. Nd4 Bd5 33. Re2
Rgf8 34. Nd6 Rxf4 35. Rc2 Rxd4 36. Rcc7 h5 37. Rxg7+ Kh6 38. Rgd7 Kg5 39. Nf7+
Kf4 40. Ra5 Ke4 41. Ng5+ Kf5 42. Raxd5 Rxd5 43. Rxd5 Kxg5 44. Rd2 Kf5 45. Re2
Ke6 46. Kf2 Rb4 47. Ke1 Rd4 48. Re3 g5 49. Ke2 g4 50. hxg4 hxg4 51. b3 Rf4 52.
Kd3 Rf2 53. Re2 Rf4 54. Re4 Rf1 55. Rxg4 Kxe5 56. Kc3 Kd5 57. Rc4 Rf2 58. g4
Rf8 59. Rd4+ Kc6 60. Rd3 Rg8 61. Rg3 Rg5 62. Kd4 Kd6 63. Ke4 Ke6 64. Kf4 Kf6
65. Rf3 Kg6 66. Kg3 Rb5 67. Kh4 Rb4 68. Rg3 Rd4 69. Kh3 Kg5 70. Rc3 Rb4 71. Rd3
Rb8 72. Kg3 Rb4 73. Kf3 Rf4+ 74. Ke3 Rxg4 75. Kd2 Kf5 76. Re3 Re4 77. Rxe4 Kxe4
78. Kc3 Kd5 79. Kb4 Kc6 80. Ka5 Kb7 81. Kb5 Ka7 82. Kc6 Ka6 83. b4 Ka7 1-0